Best selling smartphones of all time per brand - Statistics

General Stats
  • This quiz has been taken 7 times
  • The average score is 2 of 7
Answer Stats
Brand Units Best selling smart phone % Correct
Apple 222 million iPhone 6
100%
Huawei 5 million Huawei Mate 9
86%
Xiaomi 30 million Redmi Note 8
29%
Nokia 250 million Nokia 1100
0%
Google 5 million Pixel 6a
0%
Motorola 130 million RAZR V3
0%
Samsung 150 million Samsung E1100
0%
No matching quizzes found
Score Distribution
Percent of People with Each Score
Percentile by Number Answered
Your Score History
You have not taken this quiz